| 000 | 01120nam a2200277 a 4500 | ||
|---|---|---|---|
| 001 | BRCA_5453 | ||
| 005 | 20190320205102.0 | ||
| 008 | 171210s1732----mx-####f#v---#000-0#spa-# | ||
| 041 | _aspa | ||
| 044 | _amx | ||
| 084 |
_aDOC75 _b.M38 _c1732 |
||
| 100 | 1 |
_aMata, Anastasio de _913930 |
|
| 245 | 1 | 0 |
_aDocumento expedido el 14 de octubre de 1732 _cAnastasio de Mata. |
| 260 |
_aMéxico _c1732 |
||
| 300 |
_a[3] fojas _c31 x 22 cm. |
||
| 500 | _aEl documento se refiere a un testamento, un dote y réditos de un arzobispado. | ||
| 500 | _aEl documento tiene la leyenda DOC. #75 | ||
| 500 | _aAl margen superior tiene la leyenda: SELLO QUARTO UN QUARTILLO, AÑO DE MIL SETECIENTOS TREINTA Y UNO Y TRENTA Y DOS. | ||
| 500 | _aEstado de conservación: contiene márgenes maltratados | ||
| 506 | 0 | _aFondo reservado: para su consulta es necesario credencial de usuario y carta de motivos | |
| 546 | _aTexto en: español de principios del siglo XVIII | ||
| 600 | 1 | 4 |
_aMata, Anastasio _913931 |
| 650 | 1 | 4 |
_aDocumentos legales _vManuscrito _xHistoria _yColonia,1521-1821 _zMéxico _913932 |
| 902 | _aFDH | ||
| 942 |
_2lcc _cD |
||
| 999 |
_c5147 _d5147 |
||